00388nam a2200133Ia 45000010005000000080041000050200022000460820023000681000034000912450063001252600025001889010026002139990015002392812241024s9999 xx 000 0 und d a978-9945-481-16-7 aRD/972.93697/R789b aRamón Enrique Rosario Brito 0aBreve historia de Las Uvas, La Vega (Corregida y ampliada) bEd. Centenarioc2012 a4/4/2013 9:01:03 a.m. c7545d7545